[Event "FIN-chT 1819"]
[Site "Finland"]
[Date "2019.04.07"]
[Round "11.5"]
[White "Nokka, Risto"]
[Black "Holmsten, Aleksei"]
[Result "1-0"]
[WhiteElo "2197"]
[BlackElo "2313"]
[PlyCount "39"]
[EventDate "2018.09.15"]
[EventType "team-tourn"]
[EventRounds "11"]
[EventCountry "FIN"]
[SourceTitle "CBM 189 Extra"]
[Source "ChessBase"]
[SourceDate "2019.06.03"]
[SourceVersion "1"]
[SourceVersionDate "2019.06.03"]
[SourceQuality "1"]
[WhiteTeam "Joensuu SK"]
[BlackTeam "Turku TuTS"]
[WhiteTeamCountry "FIN"]
[BlackTeamCountry "FIN"]

1. g3 d5 2. Bg2 Nf6 3. Nf3 c5 4. 0-0 Nc6 5. d4 e6 6. c4 dxc4 7. Qa4 Bd7 8. dxc5 Bxc5 9. Qxc4 Qb6 10. Nc3 Qb4 11. Qd3 0-0 12. a3 Qg4 13. Bf4 Rac8 14. h3 Qg6 15. Rfd1 Qxd3 16. Rxd3 Rfd8 17. Rad1 Be8 18. Ne5 Rxd3 19. Rxd3 Be7 20. Nc4 1-0

[Event "FIN-chT 1819"]
[Site "Finland"]
[Date "2019.04.06"]
[Round "10.5"]
[White "Holmsten, Aleksei"]
[Black "Torkkola, Henri"]
[Result "1/2-1/2"]
[WhiteElo "2313"]
[BlackElo "2216"]
[PlyCount "40"]
[EventDate "2018.09.15"]
[EventType "team-tourn"]
[EventRounds "11"]
[EventCountry "FIN"]
[SourceTitle "CBM 189 Extra"]
[Source "ChessBase"]
[SourceDate "2019.06.03"]
[SourceVersion "1"]
[SourceVersionDate "2019.06.03"]
[SourceQuality "1"]
[WhiteTeam "Turku TuTS"]
[BlackTeam "Sastamala VammSK"]
[WhiteTeamCountry "FIN"]
[BlackTeamCountry "FIN"]

1. Nf3 g6 2. g3 Bg7 3. Bg2 e6 4. d4 Ne7 5. c4 0-0 6. 0-0 d5 7. Nc3 Nbc6 8. cxd5 exd5 9. Bg5 h6 10. Bxe7 Nxe7 11. b4 a6 12. a4 c6 13. e3 Be6 14. Qe2 Nf5 15. Rfc1 Re8 16. a5 Qe7 17. Na4 Rad8 18. Nc5 Bc8 19. Qb2 Nd6 20. Nd2 h5 1/2-1/2

[Event "FIN-chT 1819"]
[Site "Finland"]
[Date "2018.11.10"]
[Round "3.5"]
[White "Hartikainen, Markku"]
[Black "Holmsten, Aleksei"]
[Result "1-0"]
[WhiteElo "2242"]
[BlackElo "2313"]
[PlyCount "71"]
[EventDate "2018.09.15"]
[EventType "team-tourn"]
[EventRounds "11"]
[EventCountry "FIN"]
[SourceTitle "CBM 187 Extra"]
[Source "ChessBase"]
[SourceDate "2018.11.04"]
[SourceVersion "1"]
[SourceVersionDate "2018.11.04"]
[SourceQuality "1"]
[WhiteTeam "Salo SalSK"]
[BlackTeam "Turku TuTS"]
[WhiteTeamCountry "FIN"]
[BlackTeamCountry "FIN"]

1. e4 e6 2. d4 d5 3. e5 c5 4. c3 Nc6 5. Nf3 Nge7 6. Na3 Nf5 7. Nc2 cxd4 8. cxd4 Bd7 9. Be2 Be7 10. 0-0 Qb6 11. b3 0-0 12. Bd3 f6 13. Bxf5 exf5 14. Re1 Rac8 15. e6 Be8 16. Ne3 Bh5 17. Nxd5 Qa5 18. Nxe7+ Nxe7 19. a4 Bxf3 20. gxf3 Nd5 21. Ba3 Rfe8 22. Rc1 Nf4 23. e7 Kf7 24. Rc5 Rxc5 25. Bxc5 g5 26. b4 Qc7 27. d5 Qd7 28. d6 Kg6 29. Bxa7 h5 30. Be3 Ne6 31. b5 h4 32. Qd5 h3 33. Rd1 f4 34. Bc1 Ng7 35. Bb2 Rc8 36. a5 1-0

[Event "FIN-chT 1415"]
[Site "Finland"]
[Date "2015.03.14"]
[Round "10.3"]
[White "Rehn, Ralf"]
[Black "Holmsten, Aleksei"]
[Result "0-1"]
[WhiteElo "2147"]
[BlackElo "2307"]
[PlyCount "80"]
[EventDate "2014.09.27"]
[EventType "team-tourn"]
[EventRounds "11"]
[EventCountry "FIN"]
[SourceTitle "EXT 2016"]
[Source "ChessBase"]
[SourceDate "2015.10.08"]
[SourceVersion "1"]
[SourceVersionDate "2015.10.08"]
[SourceQuality "1"]
[WhiteTeam "Espoo MatSK II"]
[BlackTeam "Turku TuTS"]
[WhiteTeamCountry "FIN"]
[BlackTeamCountry "FIN"]

1. d4 Nf6 2. Nf3 g6 3. Bf4 Bg7 4. Qc1 c5 5. c3 Nc6 6. dxc5 b6 7. cxb6 Qxb6 8. Be3 Qc7 9. g3 Rb8 10. Bg2 Ba6 11. Nd4 Nxd4 12. Bxd4 0-0 13. b3 e5 14. Be3 d5 15. Qa3 d4 16. cxd4 Bb5 17. Qc5 Qa5+ 18. Bd2 Qa6 19. d5 e4 20. Qa3 Nxd5 21. Qxa6 Bxa6 22. Bxe4 Rfe8 23. Bxd5 Rxe2+ 24. Kd1 Bxa1 25. Kc2 Rd8 26. Bc4 Bxc4 27. bxc4 Rxf2 28. Kb3 Rb8+ 29. Kc2 Rb2+ 30. Kd3 Rxa2 31. Re1 Rf3+ 32. Ke4 Rf6 33. Kd5 Re6 34. Rc1 Re5+ 35. Kd6 a6 36. Kd7 Bd4 37. Nc3 Bxc3 38. Bxc3 Re4 39. c5 Rc4 40. Bd2 Rd4+ 0-1

[Event "FIN-chT 1314"]
[Site "Finland"]
[Date "2014.03.08"]
[Round "10.3"]
[White "Holmsten, Aleksei"]
[Black "Jouhki, Yrjo Markus"]
[Result "1/2-1/2"]
[WhiteElo "2339"]
[BlackElo "2274"]
[PlyCount "29"]
[EventDate "2013.09.21"]
[EventType "team-tourn"]
[EventRounds "11"]
[EventCountry "FIN"]
[SourceTitle "EXT 2015"]
[Source "ChessBase"]
[SourceDate "2014.11.20"]
[SourceVersion "1"]
[SourceVersionDate "2014.11.20"]
[SourceQuality "1"]
[WhiteTeam "Turku TuTS"]
[BlackTeam "Joensuu SK"]
[WhiteTeamCountry "FIN"]
[BlackTeamCountry "FIN"]

1. d4 Nf6 2. Nf3 d6 3. c4 Bg4 4. e3 e6 5. Nc3 Be7 6. h3 Bh5 7. Be2 Nbd7 8. 0-0 c6 9. e4 e5 10. b3 Bg6 11. Bd3 Bh5 12. Be2 Bg6 13. Bd3 Bh5 14. Be2 Bg6 15. Bd3 1/2-1/2

[Event "FIN-chT 1314"]
[Site "Finland"]
[Date "2014.02.09"]
[Round "8.2"]
[White "Holmsten, Aleksei"]
[Black "Pihlajasalo, Antti"]
[Result "0-1"]
[WhiteElo "2339"]
[BlackElo "2437"]
[PlyCount "106"]
[EventDate "2013.09.21"]
[EventType "team-tourn"]
[EventRounds "11"]
[EventCountry "FIN"]
[SourceTitle "EXT 2015"]
[Source "ChessBase"]
[SourceDate "2014.11.20"]
[SourceVersion "1"]
[SourceVersionDate "2014.11.20"]
[SourceQuality "1"]
[WhiteTeam "Turku TuTS"]
[BlackTeam "Salo SalSK"]
[WhiteTeamCountry "FIN"]
[BlackTeamCountry "FIN"]

1. b3 d5 2. Bb2 Bg4 3. h3 Bh5 4. d3 Nc6 5. Nd2 e5 6. Ngf3 d4 7. g3 Bxf3 8. exf3 Bd6 9. Bg2 Nge7 10. 0-0 0-0 11. c3 dxc3 12. Bxc3 Bb4 13. Bb2 Qxd3 14. Nc4 Qf5 15. Qe2 Ng6 16. Rfd1 Rad8 17. Ne3 Qc8 18. Qc4 Bd6 19. Rac1 Nge7 20. a3 a6 21. b4 Nf5 22. Nxf5 Qxf5 23. b5 axb5 24. Qxb5 Ne7 25. a4 b6 26. Re1 f6 27. Bc3 Kh8 28. Bb4 c6 29. Qc4 Bxb4 30. Qxb4 Nd5 31. Qb3 Rd6 32. Rc4 Qd7 33. Rec1 h6 34. Qc2 c5 35. a5 Nb4 36. Qg6 f5 37. Qh5 Nd3 38. R1c2 bxa5 39. Bf1 Nb4 40. Rc1 Na6 41. R4c3 a4 42. Re3 f4 43. Rxe5 fxg3 44. fxg3 a3 45. Re3 a2 46. Ra3 Rd5 47. Qg4 Qxg4 48. hxg4 Nb4 49. Bc4 Rd2 50. f4 Rfd8 51. Bxa2 Rd1+ 52. Rxd1 Rxd1+ 53. Kf2 Rd2+ 0-1

[Event "FIN-chT 1314"]
[Site "Finland"]
[Date "2014.02.08"]
[Round "7.2"]
[White "Seeman, Tarvo"]
[Black "Holmsten, Aleksei"]
[Result "1-0"]
[WhiteElo "2384"]
[BlackElo "2339"]
[PlyCount "64"]
[EventDate "2013.09.21"]
[EventType "team-tourn"]
[EventRounds "11"]
[EventCountry "FIN"]
[SourceTitle "EXT 2015"]
[Source "ChessBase"]
[SourceDate "2014.11.20"]
[SourceVersion "1"]
[SourceVersionDate "2014.11.20"]
[SourceQuality "1"]
[WhiteTeam "Helsinki Aatos"]
[BlackTeam "Turku TuTS"]
[WhiteTeamCountry "FIN"]
[BlackTeamCountry "FIN"]

1. Nf3 d5 2. g3 Nf6 3. Bg2 c5 4. 0-0 Nc6 5. d3 e6 6. Nbd2 Be7 7. e4 0-0 8. Re1 b5 9. e5 Nd7 10. Nf1 Rb8 11. h4 Bb7 12. N1h2 d4 13. a3 c4 14. Ng4 Nc5 15. Bg5 h5 16. Ngh2 f6 17. exf6 Bxf6 18. Bf4 e5 19. Nxe5 Bxe5 20. Bxe5 Nxe5 21. Rxe5 Qf6 22. f4 Bxg2 23. Kxg2 Qc6+ 24. Qf3 Rfc8 25. Qxc6 Rxc6 26. Nf3 Rd8 27. Rd1 cxd3 28. cxd3 Nb3 29. Rxb5 Rc2+ 30. Kh3 Rxb2 31. Re1 a6 32. Rb7 Rf2 1-0

[Event "FIN-chT 1112"]
[Site "Finland"]
[Date "2012.03.11"]
[Round "11.2"]
[White "Hurme, Harri M"]
[Black "Holmsten, Aleksei"]
[Result "1/2-1/2"]
[WhiteElo "2258"]
[BlackElo "2350"]
[PlyCount "127"]
[EventDate "2011.09.17"]
[EventType "team-tourn"]
[EventRounds "11"]
[EventCountry "FIN"]
[SourceTitle "EXT 2013"]
[Source "ChessBase"]
[SourceDate "2012.11.22"]
[SourceVersion "1"]
[SourceVersionDate "2012.11.22"]
[SourceQuality "1"]
[WhiteTeam "Helsinki SSK"]
[BlackTeam "Turku"]
[WhiteTeamCountry "FIN"]
[BlackTeamCountry "FIN"]

1. d4 Nf6 2. c4 g6 3. Nc3 d5 4. cxd5 Nxd5 5. e4 Nxc3 6. bxc3 Bg7 7. Bc4 0-0 8. Ne2 c5 9. 0-0 Qc7 10. Bf4 e5 11. dxe5 Bxe5 12. Bxe5 Qxe5 13. Bd5 Nc6 14. h3 Be6 15. f4 Qd6 16. c4 Rad8 17. Rb1 Rfe8 18. f5 gxf5 19. Qd2 Qe5 20. Rxb7 fxe4 21. Qf4 Bxd5 22. cxd5 Qxf4 23. Rxf4 Ne5 24. Rxe4 Rxd5 25. Rxa7 f5 26. Rh4 Nf3+ 27. gxf3 Rxe2 28. Kf1 Rh2 29. Ke1 Re5+ 30. Kf1 Rd5 31. Ke1 Re5+ 32. Kf1 Ree2 33. Rhxh7 Rhf2+ 34. Kg1 Rg2+ 35. Kh1 Rh2+ 36. Kg1 Reg2+ 37. Kf1 Rf2+ 38. Kg1 Rfg2+ 39. Kf1 Rb2 40. Kg1 Rhc2 41. Rhg7+ Kf8 42. Kh1 c4 43. Raf7+ Ke8 44. Rc7 Rb1+ 45. Rg1 Rxg1+ 46. Kxg1 Kd8 47. Rc5 c3 48. Kf1 Ke7 49. Ke1 Kf6 50. Kd1 Rd2+ 51. Ke1 Rc2 52. Kd1 Rd2+ 53. Ke1 Rxa2 54. Rxc3 Kg5 55. Rc4 Rh2 56. Kf1 f4 57. h4+ Rxh4 58. Rc5+ Kf6 59. Ke2 Rh3 60. Kd3 Rxf3+ 61. Ke4 Rf1 62. Rf5+ Ke6 63. Rxf4 Rxf4+ 64. Kxf4 1/2-1/2

[Event "FIN-chT 1112"]
[Site "Finland"]
[Date "2012.03.10"]
[Round "10.2"]
[White "Hartikainen, Markku"]
[Black "Holmsten, Aleksei"]
[Result "1-0"]
[WhiteElo "2294"]
[BlackElo "2350"]
[PlyCount "127"]
[EventDate "2011.09.17"]
[EventType "team-tourn"]
[EventRounds "11"]
[EventCountry "FIN"]
[SourceTitle "EXT 2013"]
[Source "ChessBase"]
[SourceDate "2012.11.22"]
[SourceVersion "1"]
[SourceVersionDate "2012.11.22"]
[SourceQuality "1"]
[WhiteTeam "Helsinki HSK"]
[BlackTeam "Turku"]
[WhiteTeamCountry "FIN"]
[BlackTeamCountry "FIN"]

1. e4 d5 2. exd5 Qxd5 3. Nc3 Qd8 4. d4 Nf6 5. Nf3 g6 6. Bc4 Bg7 7. 0-0 0-0 8. h3 a6 9. Bb3 b5 10. a4 b4 11. Ne2 Bb7 12. Nf4 a5 13. Re1 Nbd7 14. Qe2 e6 15. Ng5 Bd5 16. Nxd5 exd5 17. Bf4 c5 18. dxc5 Nxc5 19. Qe3 Nh5 20. Qxc5 Nxf4 21. Nf3 Bxb2 22. Rad1 Qf6 23. Kh2 Rfd8 24. Qe7 Rac8 25. Qa7 Rc3 26. Re3 Rxe3 27. Qxe3 d4 28. Qe4 Bc3 29. Qb7 Re8 30. g3 Ne6 31. Kg2 Kg7 32. Qb5 Qd8 33. Rd3 Re7 34. Ne5 Qc7 35. Nc6 Re8 36. Nxa5 Rb8 37. Qd5 Rd8 38. Qb7 Qxa5 39. Bxe6 Qa8 40. Bd5 Qxb7 41. Bxb7 Rd7 42. Bc6 Re7 43. Bf3 Re6 44. Bd5 Re1 45. h4 f5 46. Kf3 h6 47. Bc4 Kf6 48. g4 Ke5 49. gxf5 gxf5 50. Kg2 f4 51. Rh3 Ra1 52. Bb3 Ke4 53. h5 Ra3 54. Rd3 Ra1 55. Rh3 Rb1 56. Bc4 Ra1 57. Bb3 Rc1 58. Bc4 Bd2 59. a5 b3 60. Rxb3 Ra1 61. a6 Ba5 62. Be2 Ke5 63. Kf3 Bc7 64. Rb7 1-0

[Event "Rilton Cup 40th"]
[Site "Stockholm"]
[Date "2010.12.30"]
[Round "4"]
[White "Eriksson, Jorgen"]
[Black "Holmsten, Aleksei"]
[Result "0-1"]
[WhiteElo "2202"]
[BlackElo "2381"]
[PlyCount "64"]
[EventDate "2010.12.27"]
[EventType "swiss"]
[EventRounds "9"]
[EventCountry "SWE"]
[SourceTitle "CBM 140 Extra"]
[Source "ChessBase"]
[SourceDate "2011.03.01"]
[SourceVersion "1"]
[SourceVersionDate "2011.03.01"]
[SourceQuality "1"]

1. d4 Nf6 2. Bg5 Ne4 3. Bf4 c5 4. d5 Qb6 5. Nd2 Qxb2 6. Nxe4 Qb4+ 7. Qd2 Qxe4 8. Nf3 d6 9. e3 Qb4 10. c3 Qa5 11. c4 Qxd2+ 12. Kxd2 g6 13. Rb1 Bg7 14. e4 b6 15. Bd3 e5 16. dxe6 Bxe6 17. Bxd6 Nc6 18. Ke3 0-0-0 19. Bf4 Nb4 20. Rxb4 cxb4 21. c5 bxc5 22. Rc1 Kb7 23. Rxc5 a6 24. Rc7+ Kb6 25. Ng5 Bxa2 26. Nxf7 Rxd3+ 27. Kxd3 Rf8 28. Ng5 Rxf4 29. Rxg7 Rxf2 30. Nf3 b3 31. Rg8 b2 32. Ke3 Bxg8 0-1

[Event "Rilton Cup 40th"]
[Site "Stockholm"]
[Date "2010.12.27"]
[Round "1"]
[White "Frisk, Ellinor"]
[Black "Holmsten, Aleksei"]
[Result "1/2-1/2"]
[WhiteElo "2126"]
[BlackElo "2381"]
[PlyCount "119"]
[EventDate "2010.12.27"]
[EventType "swiss"]
[EventRounds "9"]
[EventCountry "SWE"]
[SourceTitle "CBM 140 Extra"]
[Source "ChessBase"]
[SourceDate "2011.03.01"]
[SourceVersion "1"]
[SourceVersionDate "2011.03.01"]
[SourceQuality "1"]

1. e4 c5 2. Nf3 Nc6 3. d4 cxd4 4. Nxd4 Nf6 5. Nc3 e5 6. Ndb5 d6 7. Bg5 a6 8. Na3 b5 9. Bxf6 gxf6 10. Nd5 Bg7 11. c3 f5 12. exf5 Bxf5 13. Nc2 0-0 14. Nce3 Be6 15. Bd3 f5 16. Qh5 e4 17. Bc2 Be5 18. 0-0 Ra7 19. Rad1 Rg7 20. f4 exf3 21. Rxf3 f4 22. Nf5 Bxf5 23. Bxf5 Ne7 24. Be4 Nxd5 25. Bxd5+ Kh8 26. Rfd3 b4 27. cxb4 Qb6+ 28. Kh1 Qxb4 29. b3 Rc7 30. Bc4 a5 31. a4 Qb6 32. Qf3 Qa7 33. Rd5 Rc5 34. h3 Rc7 35. Rb5 Rg7 36. Bd5 Rg3 37. Qh5 Qe3 38. Rb7 Rg7 39. Rxg7 Bxg7 40. Qf3 Be5 41. Rf1 Rf6 42. Qg4 Rf8 43. Qf3 Rc8 44. Qg4 Rb8 45. Qf3 Qd2 46. Rd1 Qc2 47. Bc4 Qg6 48. Rf1 Qg3 49. Kg1 Qg5 50. Qd3 Rc8 51. Rd1 Rf8 52. Qf3 Qg7 53. Rf1 Re8 54. Kh1 Qg3 55. Qh5 Re7 56. Qf5 Kg7 57. Rf3 Qg6 58. Qxg6+ hxg6 59. Kg1 Bd4+ 60. Kf1 1/2-1/2

[Event "FIN-chT1B 1011"]
[Site "Finland"]
[Date "2010.10.16"]
[Round "3.1"]
[White "Pudas, Teemu"]
[Black "Holmsten, Aleksei"]
[Result "0-1"]
[WhiteElo "2201"]
[BlackElo "2375"]
[PlyCount "76"]
[EventDate "2010.09.18"]
[EventType "team-tourn"]
[EventRounds "9"]
[EventCountry "FIN"]
[SourceTitle "EXT 2022"]
[Source "ChessBase"]
[SourceDate "2021.10.06"]
[SourceVersion "1"]
[SourceVersionDate "2021.10.06"]
[SourceQuality "1"]
[WhiteTeam "Espoo ESK"]
[BlackTeam "Turku TS"]
[WhiteTeamCountry "FIN"]
[BlackTeamCountry "FIN"]

1. e4 e6 2. d4 d5 3. Bd3 dxe4 4. Bxe4 Nf6 5. Bf3 c5 6. Ne2 Nc6 7. Be3 Nd5 8. 0-0 Nxe3 9. fxe3 Be7 10. Nbc3 0-0 11. Ne4 cxd4 12. exd4 f5 13. Nf2 e5 14. Bxc6 bxc6 15. dxe5 Ba6 16. Nd3 Qb6+ 17. Kh1 Rad8 18. Nef4 c5 19. Qf3 Bb7 20. Qe3 g5 21. Nh5 f4 22. Qh3 c4 23. Ne1 Qg6 24. Nf6+ Bxf6 25. Qe6+ Qf7 26. Qxf6 Qxf6 27. exf6 Rd2 28. Kg1 Rxf6 29. Rf2 Rfd6 30. b3 Rxf2 31. Kxf2 Rd2+ 32. Kf1 c3 33. b4 Be4 34. a3 g4 35. Rb1 f3 36. gxf3 gxf3 37. Rb3 f2 38. Ng2 Bxc2 0-1

[Event "Turku We TuTS"]
[Site "Turku"]
[Date "2010.??.??"]
[Round "1"]
[White "Holmsten, Aleksei"]
[Black "Heikkila, Antti"]
[Result "1-0"]
[WhiteElo "2386"]
[BlackElo "2057"]
[PlyCount "53"]
[EventDate "2010.??.??"]
[EventType "swiss"]
[EventRounds "5"]
[EventCountry "FIN"]
[SourceTitle "EXT 2022"]
[Source "ChessBase"]
[SourceDate "2021.10.06"]
[SourceVersion "1"]
[SourceVersionDate "2021.10.06"]
[SourceQuality "1"]

1. e4 d6 2. d4 Nf6 3. Nc3 g6 4. Bg5 c6 5. Nf3 Bg4 6. h3 Bxf3 7. Qxf3 Nbd7 8. 0-0-0 Qa5 9. Qe3 Bg7 10. f4 0-0 11. e5 Nd5 12. Nxd5 cxd5 13. Bxe7 Rfe8 14. Bxd6 Qxa2 15. Qa3 Qxa3 16. Bxa3 a6 17. g3 Bf8 18. Rd3 b5 19. Bxf8 Kxf8 20. Kd2 Nb6 21. b3 Rec8 22. Rf3 Rc7 23. Bd3 b4 24. f5 Kg8 25. fxg6 hxg6 26. Rf6 Rb7 27. e6 1-0

[Event "Turku We TuTS"]
[Site "Turku"]
[Date "2010.??.??"]
[Round "4"]
[White "Karttunen, Mika"]
[Black "Holmsten, Aleksei"]
[Result "0-1"]
[WhiteElo "2430"]
[BlackElo "2386"]
[PlyCount "116"]
[EventDate "2010.??.??"]
[EventType "swiss"]
[EventRounds "5"]
[EventCountry "FIN"]
[SourceTitle "EXT 2022"]
[Source "ChessBase"]
[SourceDate "2021.10.06"]
[SourceVersion "1"]
[SourceVersionDate "2021.10.06"]
[SourceQuality "1"]

1. e4 d5 2. Nc3 d4 3. Nce2 e5 4. Nf3 Bd6 5. Ng3 Be6 6. c3 c5 7. Bb5+ Nd7 8. d3 h6 9. 0-0 Ne7 10. Nd2 0-0 11. Bc4 Bxc4 12. Nxc4 Nb6 13. Nxb6 Qxb6 14. c4 f5 15. exf5 Nxf5 16. Ne4 Rae8 17. a3 Re6 18. Rb1 Rg6 19. Kh1 Qd8 20. Qh5 Kh7 21. Ng5+ Rxg5 22. Bxg5 Qxg5 23. Qxg5 hxg5 24. b4 b6 25. Rfe1 Nh4 26. Kg1 Ng6 27. b5 Nf4 28. Rb3 Kg6 29. h3 Kf5 30. f3 Bc7 31. Kf2 Kf6 32. Rf1 Ra8 33. g3 Ng6 34. Re1 Ne7 35. Rh1 Nf5 36. h4 gxh4 37. g4 Ne7 38. Rxh4 Ng6 39. Rh1 Nf4 40. Ke1 Kg6 41. Kd2 Rf8 42. a4 Ne6 43. Ke2 Ng5 44. Rh5 Ne6 45. Rh1 Bd8 46. a5 bxa5 47. Ra3 Bc7 48. Raa1 Bd8 49. Raf1 Nf4+ 50. Kd2 Bg5 51. Ra1 Nd5+ 52. Ke1 Nc3 53. Rxa5 Rxf3 54. Ra6+ Bf6 55. Kd2 Rf2+ 56. Kc1 e4 57. g5 exd3 58. Rd1 Rc2# 0-1

[Event "FIN-chT 0910"]
[Site "Finland"]
[Date "2009.11.15"]
[Round "5.1"]
[White "Holmsten, Aleksei"]
[Black "Huebner, Robert"]
[Result "0-1"]
[WhiteElo "2376"]
[BlackElo "2605"]
[PlyCount "111"]
[EventDate "2009.09.19"]
[EventType "team-tourn"]
[EventRounds "9"]
[EventCountry "FIN"]
[SourceTitle "EXT 2022"]
[Source "ChessBase"]
[SourceDate "2021.10.06"]
[SourceVersion "1"]
[SourceVersionDate "2021.10.06"]
[SourceQuality "1"]
[WhiteTeam "Turku TS"]
[BlackTeam "Helsinki HSK"]
[WhiteTeamCountry "FIN"]
[BlackTeamCountry "FIN"]

1. e4 e5 2. Nf3 Nc6 3. d4 exd4 4. Nxd4 Bc5 5. Be3 Qf6 6. c3 Nge7 7. Be2 0-0 8. 0-0 Bb6 9. f4 d6 10. Na3 Nxd4 11. Bxd4 Nc6 12. Bf2 Qe7 13. Bd3 f6 14. Nc4 Be6 15. a4 Rad8 16. Qc2 Qf7 17. b3 f5 18. a5 Bxf2+ 19. Rxf2 fxe4 20. Bxe4 Bf5 21. Bxf5 Qxf5 22. Qxf5 Rxf5 23. a6 b6 24. Ne3 Rc5 25. c4 Re8 26. Nd5 Nd4 27. f5 Kf7 28. Rb1 c6 29. Nb4 Ra5 30. Rd1 c5 31. Nc2 Nxb3 32. Rxd6 Rxa6 33. f6 gxf6 34. Rdxf6+ Kg8 35. h4 Na1 36. h5 Nxc2 37. Rxc2 Ra1+ 38. Kh2 Rae1 39. Rd2 R1e6 40. Rf3 Kg7 41. Ra3 a5 42. Rb2 Kh6 43. g4 Kg5 44. Rf3 Kxg4 45. Rg3+ Kh4 46. Rbg2 Re3 47. Rg4+ Kxh5 48. Rg7 h6 49. Rf7 R8e5 50. Rf6 Re2 51. Rxb6 Rxg2+ 52. Kxg2 Re4 53. Rb5 Rxc4 54. Rxa5 Kg4 55. Ra8 Rc2+ 56. Kg1 0-1

[Event "FIN-chT 0910"]
[Site "Finland"]
[Date "2009.10.17"]
[Round "3.1"]
[White "Holmsten, Aleksei"]
[Black "Sulskis, Sarunas"]
[Result "0-1"]
[WhiteElo "2376"]
[BlackElo "2568"]
[PlyCount "76"]
[EventDate "2009.09.19"]
[EventType "team-tourn"]
[EventRounds "9"]
[EventCountry "FIN"]
[SourceTitle "EXT 2022"]
[Source "ChessBase"]
[SourceDate "2021.10.06"]
[SourceVersion "1"]
[SourceVersionDate "2021.10.06"]
[SourceQuality "1"]
[WhiteTeam "Turku TS"]
[BlackTeam "Porvoo Velhot"]
[WhiteTeamCountry "FIN"]
[BlackTeamCountry "FIN"]

1. Nf3 Nf6 2. g3 b5 3. Bg2 Bb7 4. d4 e6 5. 0-0 c5 6. a4 b4 7. c3 a5 8. Nbd2 Be7 9. Re1 d5 10. dxc5 Bxc5 11. c4 0-0 12. Nb3 Nbd7 13. Nxc5 Nxc5 14. Ne5 dxc4 15. Nxc4 Bxg2 16. Kxg2 Qxd1 17. Rxd1 Nb3 18. Rb1 Rac8 19. Ne5 Rc2 20. Kf3 Nd5 21. Be3 f6 22. Nd3 e5 23. Ne1 e4+ 24. Kxe4 Nxe3 25. Nxc2 Re8+ 26. Kf3 Nxc2 27. e3 Re7 28. Rd5 Rc7 29. Rbd1 Nc5 30. Ke2 Kf7 31. b3 Ke6 32. Rd6+ Ke7 33. Rb6 Nxb3 34. Rb5 Na3 35. Rb8 Nc5 36. Rd5 Nc4 37. g4 Nxa4 38. f4 Nc3+ 0-1

[Event "FIN-chT 0708"]
[Site "Finland"]
[Date "2008.03.08"]
[Round "8.1"]
[White "Novik, Maxim"]
[Black "Holmsten, Aleksei"]
[Result "1/2-1/2"]
[WhiteElo "2467"]
[BlackElo "2384"]
[PlyCount "132"]
[EventDate "2007.09.15"]
[EventType "team-tourn"]
[EventRounds "9"]
[EventCountry "FIN"]
[SourceTitle "EXT 2022"]
[Source "ChessBase"]
[SourceDate "2021.10.06"]
[SourceVersion "1"]
[SourceVersionDate "2021.10.06"]
[SourceQuality "1"]
[WhiteTeam "Jyvaskyla JyS"]
[BlackTeam "Turku TS"]
[WhiteTeamCountry "FIN"]
[BlackTeamCountry "FIN"]

1. d4 Nf6 2. c4 g6 3. Nc3 d5 4. cxd5 Nxd5 5. e4 Nxc3 6. bxc3 Bg7 7. Nf3 0-0 8. Be2 c5 9. 0-0 Qa5 10. Bg5 cxd4 11. cxd4 Bg4 12. Bd2 Qa3 13. Rb1 Qxa2 14. Rxb7 e6 15. Qc1 Bxf3 16. gxf3 a5 17. Bd1 Bxd4 18. Bh6 Rd8 19. Bg5 Rf8 20. Be7 Re8 21. Bb3 Qe2 22. Qf4 Ra7 23. Rxa7 Bxa7 24. Bf6 Nd7 25. Ba1 Bb8 26. Qg5 h6 27. Qxh6 Be5 28. Qe3 Qxe3 29. fxe3 Bxa1 30. Rxa1 Nc5 31. Bc2 a4 32. Ra2 Ra8 33. Kf2 Kg7 34. Ke2 Rh8 35. Kd2 Rxh2+ 36. Kc3 Rf2 37. Kc4 Nd7 38. f4 Re2 39. Kd3 Rh2 40. Kc3 Re2 41. Kd3 Rh2 42. Kc3 Rh3 43. Kd4 e5+ 44. fxe5 Rh2 45. e6 fxe6 46. Kc3 Nc5 47. Kd4 Nd7 48. Kc3 Re2 49. Rxa4 Kf6 50. e5+ Nxe5 51. Rf4+ Ke7 52. Re4 Kd6 53. Rd4+ Ke7 54. Re4 Nd7 55. Rg4 Rxe3+ 56. Kd2 Ne5 57. Kxe3 Nxg4+ 58. Kf4 Nf6 59. Bxg6 Kd6 60. Ke3 Nd5+ 61. Kf3 Nf6 62. Bf7 e5 63. Ke3 Kc5 64. Ba2 e4 65. Bb1 Kd5 66. Bxe4+ Nxe4 1/2-1/2

[Event "FIN-chT 0708"]
[Site "Finland"]
[Date "2008.02.10"]
[Round "7.1"]
[White "Holmsten, Aleksei"]
[Black "Veingold, Aleksandr"]
[Result "1/2-1/2"]
[WhiteElo "2384"]
[BlackElo "2458"]
[PlyCount "28"]
[EventDate "2007.09.15"]
[EventType "team-tourn"]
[EventRounds "9"]
[EventCountry "FIN"]
[SourceTitle "EXT 2022"]
[Source "ChessBase"]
[SourceDate "2021.10.06"]
[SourceVersion "1"]
[SourceVersionDate "2021.10.06"]
[SourceQuality "1"]
[WhiteTeam "Turku TS"]
[BlackTeam "Tampere OpusCapita"]
[WhiteTeamCountry "FIN"]
[BlackTeamCountry "FIN"]

1. e4 c5 2. Nf3 d6 3. d4 cxd4 4. Nxd4 Nf6 5. Nc3 Nc6 6. Be2 e5 7. Nf3 h6 8. 0-0 Be7 9. Nd2 Be6 10. Nc4 d5 11. exd5 Nxd5 12. Nxd5 Qxd5 13. Qxd5 Bxd5 14. c3 0-0 1/2-1/2

[Event "FIN-chT 0708"]
[Site "Finland"]
[Date "2008.02.10"]
[Round "6.1"]
[White "Solozhenkin, Evgeniy"]
[Black "Holmsten, Aleksei"]
[Result "1/2-1/2"]
[WhiteElo "2508"]
[BlackElo "2384"]
[PlyCount "51"]
[EventDate "2007.09.15"]
[EventType "team-tourn"]
[EventRounds "9"]
[EventCountry "FIN"]
[SourceTitle "EXT 2022"]
[Source "ChessBase"]
[SourceDate "2021.10.06"]
[SourceVersion "1"]
[SourceVersionDate "2021.10.06"]
[SourceQuality "1"]
[WhiteTeam "Espoo MatSK"]
[BlackTeam "Turku TS"]
[WhiteTeamCountry "FIN"]
[BlackTeamCountry "FIN"]

1. e4 e6 2. d4 d5 3. Nd2 c5 4. exd5 Qxd5 5. Ngf3 Nf6 6. Bc4 Qd8 7. 0-0 Qc7 8. Qe2 Be7 9. dxc5 Bxc5 10. Ne4 Be7 11. Bg5 Nbd7 12. Rad1 0-0 13. Bb5 a6 14. Bxd7 Bxd7 15. Nxf6+ Bxf6 16. Bxf6 gxf6 17. Qe4 Bb5 18. Qg4+ Kh8 19. Qh4 Bxf1 20. Qxf6+ Kg8 21. Ne5 Qxc2 22. Qg5+ Kh8 23. Qf6+ Kg8 24. Qg5+ Kh8 25. Qf6+ Kg8 26. Qg5+ 1/2-1/2